| 000 | 00431cam a2200169ua 4500 | ||
|---|---|---|---|
| 020 | _c28.50 | ||
| 041 |
_aeng _h |
||
| 082 |
_a621.7 _bRAG/W |
||
| 100 | _aRaghuwanshi, B S . | ||
| 245 |
_aWorkshop technology / _cB S Raghuwanshi. _hTextual Documents |
||
| 260 |
_aNew Delhi : _bDhanpat Rai Publishing Co. Pvt. Ltd. , _c1985. |
||
| 300 | _a372 ; . | ||
| 365 | _a28.50 | ||
| 504 | _a | ||
| 942 | _cBK | ||
| 999 |
_c6509 _d6509 |
||